[Event "Hastings Chess Congress"]
[Site "Hastings ENG"]
[Date "2008.12.31"]
[EventDate "2008.12.28"]
[Round "4"]
[Result "0-1"]
[White "Ihab Salem"]
[Black "Simon T Ansell"]
[WhiteElo "2171"]
[BlackElo "2410"]
[PlyCount "118"]

1. e4 c5 2. c3 d6 3. d4 Nf6 4. Bd3 Nc6 5. Ne2 e5 6. d5 Ne7
7. O-O Ng6 8. a4 Be7 9. Na3 O-O 10. Nc4 Ne8 11. f4 exf4
12. Nxf4 Ne5 13. Nxe5 dxe5 14. Nh5 Bg5 15. Ng3 Nd6 16. a5 Bd7
17. Qh5 Bxc1 18. Raxc1 f6 19. b4 b6 20. axb6 Qxb6 21. bxc5
Qxc5+ 22. Kh1 a5 23. Be2 a4 24. Bg4 Bxg4 25. Qxg4 Rf7 26. Nf5
Nxf5 27. Qxf5 a3 28. Qe6 Qc4 29. Rfd1 a2 30. h3 g6 31. Qb6 Kg7
32. d6 Rd7 33. Qb4 Ra4 34. Qxc4 Rxc4 35. Ra1 Rxc3 36. Rxa2 Rc6
37. Kg1 Rcxd6 38. Rxd6 Rxd6 39. Ra7+ Kh6 40. Rf7 g5 41. Kf2
Kg6 42. Rf8 Rd3 43. Rg8+ Kf7 44. Rh8 Kg7 45. Ra8 h5 46. Ra7+
Kg6 47. Rb7 Ra3 48. Rc7 g4 49. h4 Ra4 50. Ke3 Ra2 51. Rc8 Rxg2
52. Rg8+ Kh7 53. Ra8 Rh2 54. Ra1 Rxh4 55. Rf1 Rh3+ 56. Ke2 Kg6
57. Rf5 Rf3 58. Rxf3 gxf3+ 59. Kxf3 Kg5 0-1

[Event "Hastings Chess Congress"]
[Site "Hastings ENG"]
[Date "2008.12.31"]
[EventDate "2008.12.28"]
[Round "4"]
[Result "0-1"]
[White "Sohel Chowdhury"]
[Black "Richard A Bates"]
[WhiteElo "2168"]
[BlackElo "2387"]
[PlyCount "96"]

1. e4 c5 2. Nc3 Nc6 3. g3 g6 4. Bg2 Bg7 5. d3 d6 6. f4 e6
7. Nf3 Nge7 8. Be3 O-O 9. O-O b6 10. Nh4 f5 11. Bf2 Qd7
12. Re1 Bb7 13. Rb1 Rae8 14. Nf3 Nd4 15. Nh4 Kh8 16. Ne2 e5
17. Nxd4 cxd4 18. exf5 Bxg2 19. Kxg2 Nxf5 20. Nxf5 Rxf5
21. fxe5 dxe5 22. Qe2 Ref8 23. Rf1 Qd5+ 24. Kg1 Qxa2 25. Ra1
Qf7 26. g4 Rf4 27. Bg3 Rxf1+ 28. Rxf1 Qxf1+ 29. Qxf1 Rxf1+
30. Kxf1 Kg8 31. Ke2 Kf7 32. Kf3 Ke6 33. Ke4 a5 34. Be1 Bf8
35. b3 Bd6 36. c3 dxc3 37. Bxc3 Bc7 38. h4 h5 39. g5 b5
40. Bb2 a4 41. bxa4 bxa4 42. Bc3 a3 43. Ba1 a2 44. Bb2 Ba5
45. Bxe5 Be1 46. d4 Bxh4 47. d5+ Kd7 48. Kf4 Ke7 0-1

[Event "Hastings Chess Congress"]
[Site "Hastings ENG"]
[Date "2008.12.31"]
[EventDate "2008.12.28"]
[Round "4"]
[Result "1-0"]
[White "Jack Rudd"]
[Black "James J McDonnell"]
[WhiteElo "2344"]
[BlackElo "2041"]
[PlyCount "83"]

1. d4 d5 2. c4 c6 3. Nf3 Nf6 4. Nc3 dxc4 5. a4 Bf5 6. e3 e6
7. Bxc4 Bb4 8. O-O O-O 9. Ne2 Nbd7 10. Ng3 Bg6 11. Nh4 Nb6
12. Nxg6 hxg6 13. Bd3 c5 14. dxc5 Bxc5 15. Qe2 a6 16. b3 Qe7
17. Bb2 Nfd5 18. Ne4 Bb4 19. a5 Nd7 20. Bc4 N5f6 21. Ng3 Rac8
22. Ra4 Rfd8 23. e4 e5 24. Qe3 Bc5 25. Qg5 Bd6 26. Raa1 Nb8
27. Rad1 Kf8 28. Rd3 Nc6 29. Qh4 Ng8 30. Qh8 Nxa5 31. Bd5 Rc7
32. Rf3 Qe8 33. h4 Nc6 34. h5 Nb4 35. hxg6 Nxd5 36. exd5 f6
37. Nf5 Qxg6 38. Nxd6 Rxd6 39. Ba3 Rcd7 40. Rc1 Kf7 41. Bxd6
Rxd6 42. Rc8 1-0

[Event "Hastings Chess Congress"]
[Site "Hastings ENG"]
[Date "2008.12.31"]
[EventDate "2008.12.28"]
[Round "4"]
[Result "1/2-1/2"]
[White "John N Sugden"]
[Black "Alexander Cherniaev"]
[WhiteElo "2173"]
[BlackElo "2438"]
[PlyCount "130"]

1. e4 c5 2. Nc3 Nc6 3. g3 g6 4. Bg2 Bg7 5. d3 d6 6. f4 e6
7. Nf3 Nge7 8. O-O O-O 9. Be3 b6 10. Qd2 d5 11. Bf2 dxe4
12. dxe4 Qxd2 13. Nxd2 Bxc3 14. bxc3 e5 15. Be3 f6 16. Nf3 Be6
17. fxe5 Nxe5 18. Nxe5 fxe5 19. Rxf8+ Kxf8 20. Bh6+ Ke8
21. Bf1 c4 22. Rb1 Rc8 23. Rb5 Nc6 24. Be2 Kd7 25. Kf2 Kd6
26. Bc1 Kc7 27. Ba3 Kb7 28. Rb1 Ka6 29. Ke3 Ka5 30. Rf1 Ka4
31. Bf8 Re8 32. h4 Nb8 33. Bd6 Nd7 34. Kd2 h5 35. Ke3 a5
36. Rd1 Kb5 37. Ba3 Kc6 38. Rd6+ Kc7 39. Rd1 b5 40. Rg1 Bg4
41. Bxg4 hxg4 42. Rf1 Re6 43. Rf7 Rf6 44. Rxf6 Nxf6 45. Be7
Nd7 46. Kd2 Nb8 47. a3 Kd7 48. Bf8 Ke6 49. Bc5 Nd7 50. Ba7 Kd6
51. Bf2 Kc6 52. Ke3 Nc5 53. Be1 Ne6 54. Bf2 Nc5 55. Be1 Kb7
56. Bf2 Ka6 57. Be1 Ne6 58. Bd2 Kb6 59. Be1 Kc6 60. Bd2 b4
61. cxb4 Nd4 62. bxa5 Nxc2+ 63. Ke2 Nd4+ 64. Ke3 Nc2+ 65. Ke2
Nd4+ 1/2-1/2

[Event "Hastings Chess Congress"]
[Site "Hastings ENG"]
[Date "2008.12.31"]
[EventDate "2008.12.28"]
[Round "4"]
[Result "1-0"]
[White "Thomas E Rendle"]
[Black "David Cilia Vincenti"]
[WhiteElo "2385"]
[BlackElo "2108"]
[PlyCount "77"]

1. e4 c5 2. Nf3 e6 3. d3 d5 4. Nbd2 Nc6 5. g3 Bd6 6. Bg2 Nge7
7. O-O O-O 8. Nh4 Qc7 9. f4 f6 10. c3 Bd7 11. a3 Kh8 12. f5
dxe4 13. fxe6 Bxe6 14. Nxe4 Rad8 15. Qe2 Qc8 16. Nxd6 Rxd6
17. Be3 b6 18. b4 cxb4 19. axb4 Nd5 20. Bd2 Bg4 21. Bf3 Bxf3
22. Qxf3 Re8 23. Qh5 a5 24. Rae1 Rxe1 25. Rxe1 Rd8 26. b5 Ne5
27. d4 g6 28. Qh6 Nf7 29. Nxg6+ Kg8 30. Qh5 hxg6 31. Qxg6+ Kf8
32. Bh6+ Nxh6 33. Qxh6+ Kf7 34. Qh7+ Kf8 35. c4 Qxc4 36. Qh8+
Kf7 37. Qxd8 Qxd4+ 38. Kh1 Qd3 39. Re7+ 1-0

[Event "Hastings Chess Congress"]
[Site "Hastings ENG"]
[Date "2008.12.31"]
[EventDate "2008.12.28"]
[Round "4"]
[Result "0-1"]
[White "Martin Mitchell"]
[Black "Vladimir Prosviriakov"]
[WhiteElo "2169"]
[BlackElo "2327"]
[PlyCount "68"]

1. d4 Nf6 2. c4 e6 3. Nc3 Bb4 4. e3 O-O 5. Nge2 d5 6. a3 Be7
7. cxd5 exd5 8. g3 a5 9. Bg2 c6 10. O-O Re8 11. Nf4 Nbd7
12. f3 Nf8 13. h3 Ne6 14. Nfe2 c5 15. dxc5 Bxc5 16. Nd4 Bd7
17. b3 Qc7 18. Nde2 d4 19. exd4 Nxd4 20. Nxd4 Qe5 21. Kh2 Bxd4
22. f4 Qc5 23. Bd2 Bxc3 24. Rc1 Bb5 25. Bxc3 Bxf1 26. Bxf6 Qf5
27. Qxf1 Qxf6 28. Rc7 Rad8 29. Rxb7 h5 30. Qf3 Rd2 31. Kg1 g6
32. Rb5 Ree2 33. Bf1 Qd4+ 34. Kh1 Rh2+ 0-1

[Event "Hastings Chess Congress"]
[Site "Hastings ENG"]
[Date "2008.12.31"]
[EventDate "2008.12.28"]
[Round "4"]
[Result "1/2-1/2"]
[White "Sahaj Grover"]
[Black "Richard Almond"]
[WhiteElo "2313"]
[BlackElo "2138"]
[PlyCount "88"]

1. e4 d5 2. exd5 Qxd5 3. Nc3 Qa5 4. d4 c6 5. Nf3 Nf6 6. Bc4
Bf5 7. Bd2 e6 8. Nd5 Qd8 9. Nxf6+ gxf6 10. Bb3 Qc7 11. Qe2 Nd7
12. O-O-O O-O-O 13. Nh4 Bg6 14. g3 Bd6 15. Nxg6 hxg6 16. h4
Kb8 17. c3 Rc8 18. Kb1 c5 19. dxc5 Nxc5 20. Bc2 Qc6 21. Be3
Rhd8 22. h5 gxh5 23. Rxh5 Rd7 24. Rh4 Rdc7 25. Bf4 Bxf4
26. Rxf4 f5 27. Rfd4 Qg2 28. Rd8 Qc6 29. Qe5 Ka8 30. Qg7 a6
31. Rxc8+ Rxc8 32. Qxf7 Qf3 33. Rd2 Qh1+ 34. Bd1 Qe4+ 35. Ka1
Qe1 36. Rd4 Qxf2 37. g4 Qe3 38. a3 Nd3 39. Rxd3 Qxd3 40. Bb3
Rh8 41. Bxe6 Rh1+ 42. Ka2 Qb1+ 43. Kb3 Qd1+ 44. Ka2 Qb1+
1/2-1/2

[Event "Hastings Chess Congress"]
[Site "Hastings ENG"]
[Date "2008.12.31"]
[EventDate "2008.12.28"]
[Round "4"]
[Result "1-0"]
[White "Odion Aikhoje"]
[Black "Juan Carlos Fernandez Fernandez"]
[WhiteElo "2260"]
[BlackElo "2062"]
[PlyCount "147"]

1. Nf3 Nf6 2. d4 g6 3. Bf4 Bg7 4. e3 O-O 5. Nbd2 d6 6. h3 c5
7. c3 Be6 8. e4 cxd4 9. cxd4 Qa5 10. Bd3 Na6 11. a3 Bd7
12. Qb3 Bc6 13. O-O e5 14. Be3 exd4 15. Nxd4 Nc5 16. Nxc6 bxc6
17. Bxc5 Qxc5 18. Rac1 Qa5 19. Nc4 Qd8 20. Qa4 d5 21. exd5
cxd5 22. Na5 Ne4 23. Nc6 Qd6 24. Qb5 a6 25. Qxd5 Qxd5 26. Ne7+
Kh8 27. Nxd5 Nd6 28. Rfd1 Rad8 29. Bc4 Nxc4 30. Rxc4 Bxb2
31. Ra4 Rd6 32. Ne3 Rc6 33. Rd7 Bc3 34. g4 Kg7 35. Nd5 Bb2
36. Kg2 Rb8 37. Rf4 Rf8 38. Rf3 h6 39. a4 Be5 40. Ra7 Bd4
41. Rb7 Be5 42. Re3 Bd4 43. Re4 Bf6 44. a5 Rc5 45. Nxf6 Kxf6
46. Rb6+ Kg7 47. Rxa6 g5 48. Ra7 Rc3 49. Re3 Rc6 50. Rf3 Rc2
51. Rf5 Rc3 52. Rf3 Rc2 53. Kg3 Rc1 54. Ra3 Rfc8 55. Re7 R8c3+
56. Re3 Rc8 57. a6 R1c7 58. Reb3 Ra8 59. Rb6 Raa7 60. f4 Rd7
61. Kf3 Rd1 62. fxg5 hxg5 63. Ra5 Rd3+ 64. Ke4 Rxh3 65. Rxg5+
Kf8 66. Kd5 Rd3+ 67. Kc4 Rdd7 68. Rb8+ Ke7 69. Kb5 Kd6
70. Rb6+ Kc7 71. Rc5+ Kd8 72. Rb8+ Ke7 73. Kb6 Kd6 74. Rc1 1-0

[Event "Hastings Chess Congress"]
[Site "Hastings ENG"]
[Date "2008.12.31"]
[EventDate "2008.12.28"]
[Round "4"]
[Result "1/2-1/2"]
[White "Ryan Rhys Griffiths"]
[Black "Jacques Bernard"]
[WhiteElo "2107"]
[BlackElo "2257"]
[PlyCount "49"]

1. e4 c5 2. Nf3 Nc6 3. d4 cxd4 4. Nxd4 Nf6 5. Nc3 e5 6. Nde2
Be7 7. g3 O-O 8. Bg2 d6 9. O-O Be6 10. h3 Qd7 11. Kh2 Bc4
12. b3 Ba6 13. Re1 Rac8 14. a3 Rfd8 15. Be3 Bxe2 16. Qxe2 Nb4
17. Qd2 d5 18. exd5 Nbxd5 19. Nxd5 Nxd5 20. Red1 Nf6 21. Qxd7
Rxd7 22. Rxd7 Nxd7 23. Bxb7 Rxc2 24. Bd5 Bc5 25. Bxc5 1/2-1/2

[Event "Hastings Chess Congress"]
[Site "Hastings ENG"]
[Date "2008.12.31"]
[EventDate "2008.12.28"]
[Round "4"]
[Result "1-0"]
[White "Gavin R Lock"]
[Black "James R Adair"]
[WhiteElo "2252"]
[BlackElo "2072"]
[PlyCount "67"]

1. Nf3 c5 2. c4 Nc6 3. d4 cxd4 4. Nxd4 e5 5. Nb5 a6 6. Nd6+
Bxd6 7. Qxd6 Qf6 8. Qd1 Nge7 9. Nc3 O-O 10. g3 b5 11. c5 Rd8
12. Ne4 Qg6 13. Nd6 Nd4 14. Bg2 Ra7 15. O-O Rc7 16. e3 Ne6
17. b4 Nc6 18. Bd2 f5 19. f4 e4 20. Bc3 Bb7 21. Rf2 Ne7 22. a4
Nd5 23. Qd2 Nxc3 24. Qxc3 Nxc5 25. Nxb7 Ne6 26. Nc5 d6
27. axb5 axb5 28. Rd2 dxc5 29. Rxd8+ Nxd8 30. Ra8 Qd6 31. bxc5
Qd5 32. Qe5 Qd7 33. Bf1 b4 34. Qd4 1-0

[Event "Hastings Chess Congress"]
[Site "Hastings ENG"]
[Date "2008.12.31"]
[EventDate "2008.12.28"]
[Round "4"]
[Result "0-1"]
[White "Elliott Auckland"]
[Black "Michael J R White"]
[WhiteElo "2017"]
[BlackElo "2242"]
[PlyCount "68"]

1. Nf3 g6 2. e4 c5 3. c3 d5 4. exd5 Qxd5 5. d4 Bg7 6. Be2 Nf6
7. dxc5 Qxc5 8. Be3 Qc7 9. Na3 Nbd7 10. Nb5 Qb8 11. Qb3 O-O
12. a4 b6 13. a5 Ng4 14. Bg5 Nc5 15. Qb4 Bf5 16. O-O Be4
17. g3 f6 18. Be3 Nxe3 19. fxe3 Bh6 20. Bc4+ Kh8 21. Rae1 Qb7
22. Nbd4 Rad8 23. Nh4 Rd6 24. Qa3 Rfd8 25. b4 Nd3 26. Bxd3
Bxd3 27. Rf2 e5 28. Nb3 Bc4 29. Nf3 Rd1 30. Nbd2 R8xd2
31. Rxd2 Bxe3+ 32. Kg2 Rxd2+ 33. Kh3 Be6+ 34. Kh4 Qe4+ 0-1

[Event "Hastings Chess Congress"]
[Site "Hastings ENG"]
[Date "2008.12.31"]
[EventDate "2008.12.28"]
[Round "4"]
[Result "1-0"]
[White "Peter S Poobalasingam"]
[Black "Rasa Norinkeviciute"]
[WhiteElo "2235"]
[BlackElo "2005"]
[PlyCount "89"]

1. d4 e6 2. e4 d5 3. Nc3 dxe4 4. Nxe4 Be7 5. Nf3 Nf6 6. Bd3
Nxe4 7. Bxe4 c5 8. O-O Nd7 9. c3 Nf6 10. Bc2 Qc7 11. Bg5 O-O
12. Qe2 Rd8 13. Rfe1 Rb8 14. dxc5 a5 15. b4 b6 16. Qe5 Qa7
17. Nd4 Rd5 18. Qf4 Bb7 19. Nb5 Qa8 20. Nc7 Qa7 21. cxb6 Qxb6
22. Nxd5 Bxd5 23. c4 Ba8 24. c5 Qxb4 25. Rab1 Qxf4 26. Bxf4
Rc8 27. Bd6 Bd8 28. Rb8 Rxb8 29. Bxb8 Bc6 30. Rd1 Nd5 31. Bb3
Bf6 32. Bxd5 exd5 33. Bc7 Bc3 34. Rb1 Kf8 35. Rb6 Ba4 36. Bd6+
Ke8 37. c6 f6 38. Rb8+ Kf7 39. c7 Bd7 40. c8=Q Bxc8 41. Rxc8
d4 42. Kf1 Ke6 43. Bf4 Kf5 44. Bc1 Ke4 45. Ke2 1-0

[Event "Hastings Chess Congress"]
[Site "Hastings ENG"]
[Date "2008.12.31"]
[EventDate "2008.12.28"]
[Round "4"]
[Result "1/2-1/2"]
[White "Raymond Charles Cannon"]
[Black "Felix J Kwiatkowski"]
[WhiteElo "2041"]
[BlackElo "2219"]
[PlyCount "76"]

1. e4 c5 2. Nf3 Nc6 3. d4 cxd4 4. Nxd4 Nf6 5. Nc3 e5 6. Ndb5
d6 7. Nd5 Nxd5 8. exd5 Nb8 9. c4 Be7 10. Be2 O-O 11. O-O a6
12. Nc3 f5 13. f4 Nd7 14. Be3 exf4 15. Bxf4 Qb6+ 16. Kh1 Qxb2
17. Qb3 Qxb3 18. axb3 Bf6 19. Rac1 Re8 20. Bf3 Ne5 21. Bxe5
Bxe5 22. Na4 Bd7 23. Nb6 Rad8 24. b4 Bd4 25. Nxd7 Rxd7 26. c5
b6 27. c6 Rc7 28. g4 f4 29. g5 Be5 30. Bg4 Kf7 31. Bh5+ g6
32. Be2 Ra7 33. Bg4 Rc7 34. Rc2 Ke7 35. Ra2 Ra7 36. Rf3 Rea8
37. Rh3 Rh8 38. Kg2 Bd4 1/2-1/2

[Event "Hastings Chess Congress"]
[Site "Hastings ENG"]
[Date "2008.12.31"]
[EventDate "2008.12.28"]
[Round "4"]
[Result "0-1"]
[White "George E O'Toole"]
[Black "David Spence"]
[WhiteElo "2054"]
[BlackElo "2214"]
[PlyCount "82"]

1. e4 e6 2. d4 d5 3. e5 c5 4. c3 Qb6 5. Nf3 Nc6 6. a3 c4
7. Nbd2 f6 8. Be2 fxe5 9. Nxe5 Nxe5 10. dxe5 Bc5 11. O-O Ne7
12. b4 cxb3 13. Nxb3 O-O 14. Nxc5 Qxc5 15. Qd3 Rf7 16. Bh5 g6
17. Bg4 Bd7 18. Qh3 Nf5 19. Bg5 Rc8 20. Bxf5 Rxf5 21. Qh6 Bb5
22. Be3 Qc7 23. Rfc1 Qxe5 24. Bd4 Qc7 25. Qe3 e5 26. Bxa7 Bc6
27. Bb6 Qd7 28. Re1 Rcf8 29. Re2 Rh5 30. Qd2 Qg4 31. Re3 Qf4
32. g3 Qh6 33. h4 Rhf5 34. Rd3 Qh5 35. Qd1 Rf3 36. Rxf3 Rxf3
37. Be3 Qf5 38. Ra2 d4 39. cxd4 exd4 40. Bxd4 Rd3 41. Rd2 Qd5
0-1

[Event "Hastings Chess Congress"]
[Site "Hastings ENG"]
[Date "2008.12.31"]
[EventDate "2008.12.28"]
[Round "4"]
[Result "1-0"]
[White "Mikael Rolvag"]
[Black "Timothy Spanton"]
[WhiteElo "2199"]
[BlackElo "1982"]
[PlyCount "43"]

1. d4 d5 2. Nf3 Nf6 3. c4 e6 4. Nc3 c5 5. cxd5 cxd4 6. Qxd4
exd5 7. Bg5 Be7 8. e3 O-O 9. Be2 Nc6 10. Qa4 Be6 11. O-O Qb6
12. Nb5 Rfd8 13. Nbd4 Bd7 14. Qb3 Na5 15. Qxb6 axb6 16. Rfc1
Rdc8 17. Ne5 Be8 18. Nf5 Bf8 19. Rxc8 Rxc8 20. Bxf6 gxf6
21. Ng4 Bg7 22. Ne7+ 1-0

[Event "Hastings Chess Congress"]
[Site "Hastings ENG"]
[Date "2008.12.31"]
[EventDate "2008.12.28"]
[Round "4"]
[Result "1-0"]
[White "Oliver Jackson"]
[Black "Birk Anders Rolvaag"]
[WhiteElo "2182"]
[BlackElo "1880"]
[PlyCount "39"]

1. e4 c5 2. Nc3 g6 3. f4 Bg7 4. Nf3 Nc6 5. Bb5 Nd4 6. Nxd4
cxd4 7. Ne2 a6 8. Ba4 b5 9. Bb3 d6 10. d3 e5 11. O-O Nf6
12. f5 d5 13. Ng3 Bb7 14. Bg5 dxe4 15. Nxe4 Bxe4 16. dxe4 h6
17. Bxf6 Bxf6 18. fxg6 fxg6 19. Qg4 Rf8 20. Qe6+ 1-0

[Event "Hastings Chess Congress"]
[Site "Hastings ENG"]
[Date "2008.12.31"]
[EventDate "2008.12.28"]
[Round "4"]
[Result "0-1"]
[White "Daniel Rocks"]
[Black "Arne Hagesaether"]
[WhiteElo "2129"]
[BlackElo "2181"]
[PlyCount "106"]

1. e4 c6 2. d4 d5 3. Nc3 dxe4 4. Nxe4 Bf5 5. Ng3 Bg6 6. Nf3
Nd7 7. Bd3 Ngf6 8. O-O e6 9. Bf4 Be7 10. Re1 O-O 11. Bxg6 hxg6
12. c4 Nb6 13. b3 c5 14. dxc5 Bxc5 15. Qe2 Nbd7 16. Ne4 Nxe4
17. Qxe4 Qb6 18. Be3 Rac8 19. Bxc5 Rxc5 20. Rad1 Nf6 21. Qe3
Qc7 22. Re2 b5 23. Ne5 bxc4 24. Nxc4 Nd5 25. Qf3 Nf4 26. Re4
g5 27. Red4 Rf5 28. Rd7 Qc5 29. Ne3 Re5 30. g3 Ng6 31. Nc4 g4
32. Qxg4 Rg5 33. Qe4 a5 34. Ne3 Re5 35. Qd4 Qc6 36. Qa7 Rb5
37. Rd8 Rc5 38. Qd7 Rxd8 39. Qxd8+ Kh7 40. Qd6 Qb5 41. Qd7 Qe2
42. Qd3 Qxa2 43. Qb1 Qe2 44. Re1 Qf3 45. Qd3 Qb7 46. Ng2 Qb4
47. Rb1 Rc3 48. Qd1 Qc5 49. Ne3 Ne5 50. Qh5+ Kg8 51. Qe2 Qc6
52. h4 Nf3+ 53. Kf1 Nd4 0-1

[Event "Hastings Chess Congress"]
[Site "Hastings ENG"]
[Date "2008.12.31"]
[EventDate "2008.12.28"]
[Round "4"]
[Result "1-0"]
[White "Andrew Greet"]
[Black "David Ian Calvert"]
[WhiteElo "2440"]
[BlackElo "2051"]
[PlyCount "73"]

1. d4 d5 2. Nf3 Nf6 3. c4 c6 4. e3 Bf5 5. Nc3 e6 6. Nh4 Bg6
7. Be2 Nbd7 8. O-O Be7 9. Nxg6 hxg6 10. Qc2 O-O 11. Rd1 Qc7
12. Bd2 a6 13. a4 a5 14. Rac1 Rfc8 15. Be1 dxc4 16. Bxc4 Nb6
17. Bb3 Nbd5 18. e4 Nxc3 19. bxc3 e5 20. Qe2 Rf8 21. f3 Rad8
22. Bf2 Nh5 23. g3 Bd6 24. f4 exf4 25. g4 f3 26. Qxf3 Bxh2+
27. Kg2 Bf4 28. gxh5 Bxc1 29. Rxc1 g5 30. Qf5 Qf4 31. Qxf4
gxf4 32. Kf3 Kh7 33. Kxf4 g6 34. e5 gxh5 35. Rh1 b5 36. Rxh5+
Kg7 37. Bh4 1-0

[Event "Hastings Chess Congress"]
[Site "Hastings ENG"]
[Date "2008.12.31"]
[EventDate "2008.12.28"]
[Round "4"]
[Result "0-1"]
[White "Nigel P Donovan"]
[Black "Uriel Capo Vidal"]
[WhiteElo "2093"]
[BlackElo "2340"]
[PlyCount "114"]

1. e4 c5 2. Nf3 a6 3. c4 e6 4. b3 Nc6 5. Bb2 Qc7 6. g3 b6
7. Bg2 Bb7 8. O-O Nf6 9. Re1 Be7 10. d4 cxd4 11. Nxd4 d6
12. Nc3 O-O 13. Rc1 Ne5 14. f4 Ned7 15. f5 e5 16. Nc2 b5
17. Ne3 b4 18. Ncd5 Nxd5 19. Nxd5 Bxd5 20. Qxd5 Qc5+ 21. Qxc5
Nxc5 22. Rcd1 a5 23. Bc1 a4 24. Be3 Nd7 25. Rd5 axb3 26. axb3
Ra3 27. Rb1 Rb8 28. c5 Nf6 29. c6 Nxd5 30. exd5 Bd8 31. Bf3
Bc7 32. Rb2 Rba8 33. Be2 g6 34. fxg6 hxg6 35. Bc4 Ra2 36. Rd2
Bb6 37. Rxa2 Bxe3+ 38. Kf1 Rxa2 39. c7 Ra8 40. Ba6 Kg7
41. c8=Q Rxc8 42. Bxc8 Kf6 43. Ke2 Bg1 44. h3 e4 45. Bd7 Ke5
46. Be8 f6 47. Bxg6 Kxd5 48. h4 Kd4 49. Bf5 Be3 50. Be6 Bh6
51. g4 Ke5 52. Bf5 d5 53. Bd7 d4 54. Bf5 d3+ 55. Ke1 Kd4
56. h5 e3 57. Bg6 Bg5 0-1

[Event "Hastings Chess Congress"]
[Site "Hastings ENG"]
[Date "2008.12.31"]
[EventDate "2008.12.28"]
[Round "4"]
[Result "1-0"]
[White "Gudmundur Kjartansson"]
[Black "Adrian O Pickersgill"]
[WhiteElo "2284"]
[BlackElo "2043"]
[PlyCount "51"]

1. c4 e5 2. g3 d6 3. Nc3 f5 4. Bg2 Nf6 5. e3 Be7 6. Nge2 c6
7. d4 O-O 8. O-O Na6 9. b3 Qe8 10. Ba3 Bd7 11. b4 Nc7 12. Rb1
Rd8 13. b5 d5 14. dxe5 Bxa3 15. exf6 dxc4 16. Qa4 Bd6 17. bxc6
bxc6 18. fxg7 Kxg7 19. Rb7 Kh8 20. Rd1 Nd5 21. Qxc4 f4
22. Nxf4 Bxf4 23. exf4 Qh5 24. Bxd5 cxd5 25. Rxd5 Qg6 26. Qd4+
1-0

[Event "Hastings Chess Congress"]
[Site "Hastings ENG"]
[Date "2008.12.31"]
[EventDate "2008.12.28"]
[Round "4"]
[Result "0-1"]
[White "Norman Hutchinson"]
[Black "Malek Mohammed Abdul"]
[WhiteElo "2075"]
[BlackElo "2264"]
[PlyCount "66"]

1. e4 d6 2. d4 Nf6 3. Nc3 g6 4. f4 Bg7 5. Nf3 O-O 6. Bd3 Na6
7. a3 c5 8. d5 e6 9. dxe6 Bxe6 10. f5 gxf5 11. exf5 Bc8
12. O-O d5 13. Bg5 Nc7 14. Qe1 c4 15. Be2 Bxf5 16. Qh4 Nce8
17. Rad1 Bxc2 18. Nxd5 Bxd1 19. Rxd1 Kh8 20. Ne5 Qd6 21. Nxc4
Qe6 22. Bf3 Rc8 23. Nxf6 Nxf6 24. b3 b5 25. Re1 Qa6 26. Bb7
Qxb7 27. Bxf6 Rg8 28. Bxg7+ Rxg7 29. Ne3 Re8 30. g3 Rg6
31. Qd4+ Kg8 32. Re2 Qf3 33. Nf5 Qxe2 0-1

[Event "Hastings Chess Congress"]
[Site "Hastings ENG"]
[Date "2008.12.31"]
[EventDate "2008.12.28"]
[Round "4"]
[Result "0-1"]
[White "Evangelos Kakkanas"]
[Black "Matthew N Anderton"]
[WhiteElo "2009"]
[BlackElo "2232"]
[PlyCount "66"]

1. d4 e6 2. c4 Nf6 3. Nf3 c5 4. d5 exd5 5. cxd5 d6 6. h3 g6
7. e4 Bg7 8. Nc3 O-O 9. Bd3 a6 10. a4 Re8 11. O-O Nbd7 12. Bf4
Nh5 13. Bxd6 Qb6 14. e5 Bxe5 15. Bxe5 Nxe5 16. Nxe5 Rxe5
17. Qd2 Bd7 18. Rfe1 Rae8 19. Rxe5 Rxe5 20. Kf1 Qf6 21. Re1
Nf4 22. Rxe5 Qxe5 23. Be4 b5 24. axb5 axb5 25. Bf3 Kg7 26. Nd1
b4 27. Kg1 Qd4 28. Qe3 Kf6 29. Qb3 Qd3 30. Qxd3 Nxd3 31. Kf1
Ba4 32. Be2 Bxd1 33. Bxd3 Bb3 0-1

[Event "Hastings Chess Congress"]
[Site "Hastings ENG"]
[Date "2008.12.31"]
[EventDate "2008.12.28"]
[Round "4"]
[Result "1-0"]
[White "Ian Snape"]
[Black "Adrian Conde"]
[WhiteElo "2219"]
[BlackElo "2067"]
[PlyCount "77"]

1. c4 e6 2. g3 Nf6 3. Bg2 c6 4. Nf3 Be7 5. d4 d5 6. Qc2 Nbd7
7. O-O O-O 8. b3 Re8 9. Nbd2 Nf8 10. Bb2 b6 11. e4 Nxe4
12. Nxe4 dxe4 13. Qxe4 Bb7 14. Rad1 Qc7 15. Ne5 Rac8 16. h4
Ng6 17. Nd3 Nf8 18. Ne5 Ba8 19. Qg4 Ng6 20. Nd3 Bf8 21. h5 Ne7
22. Nf4 Nf5 23. Rfe1 Nh6 24. Qf3 Bd6 25. Nd3 c5 26. d5 Nf5
27. Qg4 g5 28. hxg6 fxg6 29. dxe6 Bxg2 30. Kxg2 Qc6+ 31. Qe4
Qc7 32. Nf4 Bxf4 33. gxf4 Qc6 34. Rd5 h5 35. Kh2 Rc7 36. Qe5
Kh7 37. Qf6 Ng7 38. Rd7 Rxd7 39. exd7 1-0

[Event "Hastings Chess Congress"]
[Site "Hastings ENG"]
[Date "2008.12.31"]
[EventDate "2008.12.28"]
[Round "4"]
[Result "1/2-1/2"]
[White "Bernard Cafferty"]
[Black "Matthew Lunn"]
[WhiteElo "2179"]
[BlackElo "1874"]
[PlyCount "30"]

1. e3 g6 2. c4 Bg7 3. Nf3 d6 4. d4 Nf6 5. b4 O-O 6. Bb2 Bg4
7. Nbd2 Nfd7 8. Be2 c5 9. a3 Qc7 10. O-O Nc6 11. Bc3 Rfe8
12. b5 Nd8 13. Qc2 cxd4 14. Bxd4 Ne6 15. Bxg7 Kxg7 1/2-1/2

[Event "Hastings Chess Congress"]
[Site "Hastings ENG"]
[Date "2008.12.31"]
[EventDate "2008.12.28"]
[Round "4"]
[Result "0-1"]
[White "Richard J Webster"]
[Black "Martyn Goodger"]
[WhiteElo "1975"]
[BlackElo "2164"]
[PlyCount "23"]

1. c4 f5 2. g3 Nf6 3. Bg2 g6 4. Nc3 Bg7 5. d3 O-O 6. e4 fxe4
7. dxe4 d6 8. Nge2 c5 9. O-O Nc6 10. h3 e5 11. Nd5 Be6 12. Bh6
0-1

[Event "Hastings Chess Congress"]
[Site "Hastings ENG"]
[Date "2008.12.31"]
[EventDate "2008.12.28"]
[Round "4"]
[Result "0-1"]
[White "Einora Juciute"]
[Black "R Alan Barton"]
[WhiteElo "1815"]
[BlackElo "2131"]
[PlyCount "70"]

1. e4 b6 2. d4 Bb7 3. Nc3 e6 4. a3 g6 5. Nf3 Bg7 6. h4 h6
7. Bf4 d6 8. Bb5+ Nd7 9. Qe2 a6 10. Bd3 Ne7 11. g4 b5 12. Nd1
Nb6 13. g5 h5 14. Ne3 Qd7 15. c4 bxc4 16. Nxc4 Nxc4 17. Bxc4
O-O 18. O-O e5 19. dxe5 Qg4+ 20. Bg3 dxe5 21. Nxe5 Qxe2
22. Bxe2 Bxe4 23. Nd7 Rfd8 24. Nc5 Bc6 25. Nxa6 Rd2 26. Nxc7
Rxe2 27. Nxa8 Nf5 28. Rac1 Be4 29. Kh2 Rxb2 30. Rfe1 Nxg3
31. Kxg3 Be5+ 32. f4 Rg2+ 33. Kh3 Bxf4 34. Rg1 Rg3+ 35. Kh2
Rxa3+ 0-1

[Event "Hastings Chess Congress"]
[Site "Hastings ENG"]
[Date "2008.12.31"]
[EventDate "2008.12.28"]
[Round "4"]
[Result "0-1"]
[White "Simon Knight"]
[Black "George P W Salimbeni"]
[WhiteElo "2148"]
[BlackElo "2103"]
[PlyCount "56"]

1. e4 e5 2. Nf3 Nc6 3. Bb5 a6 4. Ba4 Nf6 5. O-O Be7 6. Re1 b5
7. Bb3 d6 8. c3 O-O 9. d4 Bg4 10. d5 Na5 11. Nbd2 Nxb3
12. axb3 c6 13. dxc6 Qc7 14. h3 Be6 15. Nf1 Qxc6 16. Ng3 Nd7
17. b4 Nb6 18. Qd3 Rfe8 19. Nh2 Na4 20. Qf3 d5 21. Ng4 f6
22. Nh5 dxe4 23. Rxe4 Bd5 24. Qg3 g6 25. Re1 Kh8 26. Bh6 Rg8
27. Nxe5 Qd6 28. Nf3 gxh5 0-1

[Event "Hastings Chess Congress"]
[Site "Hastings ENG"]
[Date "2008.12.31"]
[EventDate "2008.12.28"]
[Round "4"]
[Result "0-1"]
[White "Joseph Quinn"]
[Black "David Ledger"]
[WhiteElo "1846"]
[BlackElo "2254"]
[PlyCount "102"]

1. e4 e5 2. Nf3 Nc6 3. d4 exd4 4. Bc4 Nf6 5. O-O Be7 6. Nxd4
O-O 7. Nc3 d6 8. Be2 Re8 9. f4 d5 10. Nxc6 bxc6 11. e5 Bc5+
12. Kh1 Ne4 13. Nxe4 dxe4 14. Qxd8 Rxd8 15. a3 a5 16. h3 a4
17. Bc4 h5 18. f5 Re8 19. e6 fxe6 20. Re1 Kf8 21. fxe6 Bxe6
22. Bxe6 Rxe6 23. Be3 Bd6 24. Re2 Rb8 25. Bd4 c5 26. Bc3 Kg8
27. Rf1 Rf8 28. Rxf8+ Kxf8 29. Bd2 Ke7 30. Bg5+ Kd7 31. Bc1
Bg3 32. Bd2 Rb6 33. Bc3 Rd6 34. Bd2 h4 35. Kg1 Kc6 36. Kf1 Kd5
37. Bc3 g6 38. Bd2 Be5 39. c3 Bg3 40. Be1 Rf6+ 41. Kg1 Bxe1
42. Rxe1 Rf4 43. Re2 Kc4 44. Re3 Kb3 45. Re2 Ka2 46. Kh2 Kb1
47. g3 hxg3+ 48. Kxg3 g5 49. Rh2 Kc1 50. h4 Rxh4 51. Rxh4
gxh4+ 0-1